书目信息 |
| 题名: |
力学 热学 分子物理学问题介绍
|
|
| 作者: | ;物理通报编委会 编 | |
| 分册: | ||
| 出版信息: | 北京 科学技术出版社 1959 |
|
| 页数: | 329页 | |
| 开本: | 20cm | |
| 丛书名: | ||
| 单 册: | ||
| 中图分类: | O4-1 | |
| 科图分类: | ||
| 主题词: | 物理学--现状 , 物理学--概况 | |
| 电子资源: | ||
| ISBN: | ||
| 000 | 00658nam0 2200217 450 | |
| 001 | 0653197093 | |
| 005 | 20060819144826.40 | |
| 010 | @dCNY1.10 | |
| 091 | @a13051.222 | |
| 100 | @a20060819d1959 km y0chiy0120 ea | |
| 101 | 0 | @achi |
| 102 | @aCN@b110000 | |
| 200 | 1 | @a力学 热学 分子物理学问题介绍@Ali xue re xue fen zi wu li xue wen ti jie shao@f物理通报编委会编@Fwu li tong bao bian wei hui bian |
| 210 | @a北京@c科学技术出版社@d1959 | |
| 215 | @a329页@d20cm | |
| 606 | 0 | @a物理学@x现状 |
| 606 | 0 | @a物理学@x概况 |
| 690 | @aO4-1@v3 | |
| 711 | 0 | @a物理通报编委会@Awu li tong bao bian wei hui@4编 |
| 801 | 0 | @aCN@bPFT@c20060819 |
| 905 | @a10447@dO4-1@e444 | |
| 力学 热学 分子物理学问题介绍/物理通报编委会编.-北京:科学技术出版社,1959 |
| 329页;20cm |
| ISBN :CNY1.10 |
| ● |
| 相关链接 |
|
|
|
|
正题名:力学 热学 分子物理学问题介绍
索取号:O4-1/444
 
预约/预借
| 序号 | 登录号 | 条形码 | 馆藏地/架位号 | 状态 | 备注 |
| 1 | 0468900 | 204689006 | 密集书库/ [索取号:O4-1/444] | 在馆 |